| 000 | 00727nam a2200205Ii 4500 | ||
|---|---|---|---|
| 003 | JO-AjNU | ||
| 008 | 230605s9999||||xx |||||||||||||| ||und|| | ||
| 040 |
_aJO-AjNU _bara _erda _cJO-AjNU |
||
| 041 | _aara | ||
| 050 | 1 | 4 | _aHB180.A7.B8732 1986 |
| 100 | 3 |
_aالبستاني، باسل, _eauthor _957279 |
|
| 245 | 0 | 0 | _aالفكر الاقتصادي من التناقض الى النضوج |
| 250 | _aط2 | ||
| 264 | 3 | 1 | _aبغداد: دار الشؤون الثقافية العامة، 1986 |
| 300 |
_a87ص _bيحتوي ببلوغرافية من ص 81-87ص |
||
| 336 |
_atext _btxt _2rdacontent |
||
| 337 |
_aunmediated _bn _2rdamedia |
||
| 338 |
_avolume _bnc _2rdacarrier |
||
| 650 | 4 |
_aالاقتصاد - فلسفة _957280 |
|
| 999 |
_aA25657 _c29225 _d29225 |
||